| 000 | 00648nam a2200229Ia 4500 | ||
|---|---|---|---|
| 008 | 160319s9999 xx 000 0 und d | ||
| 020 | _a971542290x | ||
| 050 | _a398.60959 | ||
| 050 | _b.P552 2005 | ||
| 245 | _aPhilippine folk literature : | ||
| 245 | _bthe riddles / | ||
| 245 | _ccompiled and edited by Damiana L. Eugenio. | ||
| 260 | _aQuezon City : | ||
| 260 | _bUniversity of the Philippines Press, | ||
| 260 | _c2005 | ||
| 300 | _axliv, 1170 pages : | ||
| 300 | _c23 cm. | ||
| 440 | _aPhilippine folk literature series ; | ||
| 440 | _vvol. 5 | ||
| 650 | _aFolk literature -- Philippines | ||
| 650 | _aRiddles, Philippine | ||
| 999 |
_c292389 _d292389 |
||